Days of Innocence/ (Record no. 139106)

000 -LEADER
fixed length control field 00406nam a22001577a 4500
020 ## - INTERNATIONAL STANDARD BOOK NUMBER
International Standard Book Number 9788174361998
082 ## - DEWEY DECIMAL CLASSIFICATION NUMBER
Classification number 823.01
Item number RUS/D
100 ## - MAIN ENTRY--PERSONAL NAME
Personal name Ruskin Bond
9 (RLIN) 59298
245 ## - TITLE STATEMENT
Title Days of Innocence/
Statement of responsibility, etc. by Ruskin Bond
260 ## - PUBLICATION, DISTRIBUTION, ETC.
Place of publication, distribution, etc. Newdelhi:
Name of publisher, distributor, etc. Roli Books,
Date of publication, distribution, etc. 2002.
300 ## - PHYSICAL DESCRIPTION
Extent 143p.
650 ## - SUBJECT ADDED ENTRY--TOPICAL TERM
Topical term or geographic name entry element Stories English
9 (RLIN) 59299
650 ## - SUBJECT ADDED ENTRY--TOPICAL TERM
Topical term or geographic name entry element Literature English
9 (RLIN) 59300
650 ## - SUBJECT ADDED ENTRY--TOPICAL TERM
Topical term or geographic name entry element Literature
9 (RLIN) 59301
942 ## - ADDED ENTRY ELEMENTS (KOHA)
Koha item type Book
Holdings
Withdrawn status Lost status Damaged status Not for loan Permanent Location Current Location Shelving location Date acquired Cost, normal purchase price Total Checkouts Full call number Barcode Date last seen Date last checked out Price effective from Koha item type
        Sree Sankaracharya University of Sanskrit Sree Sankaracharya University of Sanskrit Stacks 17.09.2018 225.00 2 823.01 RUS/D 091704 10.06.2024 28.05.2024 17.09.2018 Book